[Event "Hannover-chB"]
[Site "Lehrte"]
[Date "2010.10.11"]
[Round "5"]
[White "Fedderke, Christoph"]
[Black "Ebbing, Achim"]
[Result "0-1"]
[WhiteElo "1651"]
[BlackElo "1675"]
[PlyCount "58"]
[EventDate "2010.10.09"]
[EventType "swiss"]
[EventRounds "7"]
[EventCountry "GER"]
[SourceTitle "EXT 2021"]
[Source "ChessBase"]
[SourceDate "2020.10.23"]
[SourceVersion "1"]
[SourceVersionDate "2020.10.23"]
[SourceQuality "1"]

1. d4 Nf6 2. c4 g6 3. Nc3 Bg7 4. Nf3 d6 5. e3 0-0 6. Bd3 Nbd7 7. e4 e5 8. d5 Nh5 9. 0-0 Nc5 10. Bc2 a5 11. Be3 Na6 12. a3 Bd7 13. Qd2 Qe8 14. Ne1 f5 15. Bh6 f4 16. Bxg7 Kxg7 17. Nd3 f3 18. g3 Qe7 19. Rfc1 Bh3 20. Nd1 Nf4 21. Nxf4 exf4 22. Qc3+ Kg8 23. Qxf3 Qg5 24. Kh1 Bg4 25. Qg2 fxg3 26. Qxg3 Rf3 27. Qg2 Raf8 28. Ba4 Qh4 29. Kg1 Bh3 0-1

[Event "Hannover-chB"]
[Site "Lehrte"]
[Date "2010.10.10"]
[Round "3"]
[White "Baum, Frank Christian"]
[Black "Ebbing, Achim"]
[Result "0-1"]
[WhiteElo "1656"]
[BlackElo "1675"]
[PlyCount "132"]
[EventDate "2010.10.09"]
[EventType "swiss"]
[EventRounds "7"]
[EventCountry "GER"]
[SourceTitle "EXT 2021"]
[Source "ChessBase"]
[SourceDate "2020.10.23"]
[SourceVersion "1"]
[SourceVersionDate "2020.10.23"]
[SourceQuality "1"]

1. e4 c5 2. Nc3 Nc6 3. g3 g6 4. Bg2 Bg7 5. f4 d6 6. Nf3 Nf6 7. d3 0-0 8. 0-0 a6 9. h3 e5 10. fxe5 dxe5 11. Bg5 Qd6 12. Bxf6 Bxf6 13. Nd5 Bg7 14. c3 Rb8 15. Qe1 f6 16. g4 Be6 17. Ne3 Rbd8 18. Rd1 Qc7 19. c4 Rf7 20. Nd5 Qb8 21. Rd2 Rdf8 22. Rdf2 b5 23. b3 bxc4 24. dxc4 Bh6 25. Nh4 Qd8 26. Bh1 Nd4 27. Nf3 Kh8 28. Rg2 Bc8 29. Qh4 Bg7 30. Rgf2 Qd6 31. Qg3 Ne6 32. Rd2 Bh6 33. Rdf2 Nf4 34. h4 Qe6 35. Nh2 Rg8 36. Bg2 g5 37. h5 Bf8 38. Qc3 Qc6 39. a3 Be6 40. Qe3 Bd6 41. Rd2 Bb8 42. Rfd1 Qc8 43. Bf3 a5 44. Qc3 Qa6 45. Ne3 Qb6 46. Kh1 Rb7 47. Rb2 h6 48. Nhf1 Rd8 49. Rxd8+ Qxd8 50. Rd2 Qb6 51. Rb2 Ba7 52. Nd5 Qd8 53. Nfe3 Rd7 54. Bd1 Bf7 55. b4 cxb4 56. axb4 Bd4 57. Qa3 Bxb2 58. Qxb2 axb4 59. Qxb4 Ne6 60. Ba4 Ra7 61. c5 Nxc5 62. Qxc5 Rxa4 63. Qc2 Qa8 64. Nxf6 Ra1+ 65. Nd1 Qd8 66. Nd5 Bxd5 0-1